书目信息 |
| 题名: |
杨梅病虫害监测与综合防治
|
|
| 作者: | 王华弟 主编 | |
| 分册: | ||
| 出版信息: | 北京 中国农业科学技术出版社 2017.12 |
|
| 页数: | 178页 | |
| 开本: | 24cm | |
| 丛书名: | ||
| 单 册: | ||
| 中图分类: | S436.67 | |
| 科图分类: | ||
| 主题词: | 杨梅--yang mei--病虫害防治 | |
| 电子资源: | ||
| ISBN: | 978-7-5116-3473-3 | |
| 000 | 00856nam0 2200229 450 | |
| 001 | 0106081747 | |
| 005 | 20201106082042.0 | |
| 010 | @a978-7-5116-3473-3@dCNY68.00 | |
| 100 | @a20190406e20192017em y0chiy50 ea | |
| 101 | 0 | @achi |
| 102 | @aCN@b110000 | |
| 105 | @aa z 000yy | |
| 106 | @ar | |
| 200 | 1 | @a杨梅病虫害监测与综合防治@Ayang mei bing chong hai jian ce yu zong he fang zhi@f王华弟主编 |
| 210 | @a北京@c中国农业科学技术出版社@d2017.12@h2019.01 | |
| 215 | @a178页@c图@d24cm | |
| 330 | @a本书重点介绍杨梅果蝇、褐斑病等23种主要病虫害的特征、生物学特性发生规律、影响因子、监测预报方法和综合防治技术,并附有8种主要病虫测报调查技术规程的省级地方标准和1项农业行业标准。 | |
| 606 | 0 | @a杨梅@Ayang mei@x病虫害防治 |
| 690 | @aS436.67@v5 | |
| 701 | 0 | @a王华弟@Awang hua di@4主编 |
| 801 | 0 | @aCN@bBJSZM@c20201106 |
| 905 | @b1190768-71@dS436.67@e173@f4 | |
| 杨梅病虫害监测与综合防治/王华弟主编.-北京:中国农业科学技术出版社,2017.12(2019.01) |
| 178页:图;24cm |
| ISBN 978-7-5116-3473-3:CNY68.00 |
| 本书重点介绍杨梅果蝇、褐斑病等23种主要病虫害的特征、生物学特性发生规律、影响因子、监测预报方法和综合防治技术,并附有8种主要病虫测报调查技术规程的省级地方标准和1项农业行业标准。 |
| ● |
| 相关链接 |
|
|
|
|
正题名:杨梅病虫害监测与综合防治
索取号:S436.67/173
 
预约/预借
| 序号 | 登录号 | 条形码 | 馆藏地/架位号 | 状态 | 备注 |
| 1 | 1190768 | 211907686 | 第二样本阅览室/ [索取号:S436.67/173] | 在馆 | |
| 2 | 1190769 | 211907695 | 第三借阅区/ [索取号:S436.67/173] | 在馆 | |
| 3 | 1190770 | 211907702 | 第三借阅区/ [索取号:S436.67/173] | 在馆 | |
| 4 | 1190771 | 211907711 | 第三借阅区/ [索取号:S436.67/173] | 在馆 |